Statistics for French Word Translation - Animals

Click here to take the quiz!

General Stats

  • This quiz has been taken 2,618 times
    (2,617 since last reset)
  • The average score is 18 of 30

Answer Stats

FrenchEnglish% Correct
chatcat
100%
chiendog
99%
tigretiger
99%
poissonfish
94%
oiseaubird
91%
vachecow
89%
escargotsnail
89%
poulechicken
83%
cochonpig
83%
moutonsheep
82%
canardduck
80%
lamallama
77%
papillonbutterfly
75%
loupwolf
72%
chèvregoat
65%
perroquetparrot
62%
baleinewhale
55%
renardfox
53%
requinshark
51%
mouchefly
43%
fourmiant
40%
écureuilsquirrel
36%
calmarsquid
34%
verworm
26%
guépardcheetah
24%
homardlobster
24%
chacaljackal
21%
cobayeguinea pig
13%
coléoptèrebeetle
11%
bouquetinibex
7%

Score Distribution

Percentile by Number Answered

Percent of People with Each Score

Your Score History

You have not taken this quiz since the last reset